The Rabbis of Chabad-Lubavitch - Statistics

General Stats
  • This quiz has been taken 37 times
  • The average score is 4 of 7
Answer Stats
Order Answer Dates % Correct
7 Menachem Mendel Schneerson (The Rebbe) 1950-1994
100%
3 Menachem Mendel Schneerson (The Tzemach Tzedek) 1831-1866
91%
1 Shneur Zalman of Liadi (The Alter Rebbe) 1775-1812
83%
6 Yosef Yitzchak Schneerson (The Frierdiker Rebbe) 1920-1950
52%
5 Sholom Dovber Schneerson (Rebbe Rashab) 1892-1920
43%
2 Dovber Schneuri (The Mitteler Rebbe) 1812-1827
39%
4 Shmuel Schneerson (Rebbe Maharash) 1866-1882
35%
No matching quizzes found
Score Distribution
Percent of People with Each Score
Percentile by Number Answered
Your Score History
You have not taken this quiz